000
00282nam a2200121Ia 4500
008
220216s9999 xx 000 0 und d
100
_a
Sasidharan K K
245
0
_a
Latex-coir nonslip maattukal
260
_b
Rubber
_c
2012
300
_a
21
650
_a
Latex-coir mat
942
_c
BS
999
_c
51407
_d
51407